Bố già = The godfather /
Sparad:
| Huvudupphovsman: | |
|---|---|
| Övriga upphovsmän: | |
| Materialtyp: | Sách giấy |
| Språk: | Vietnamese |
| Publicerad: |
Cà Mau :
Mũi Cà Mau,
2003
|
| Ämnen: | |
| Taggar: |
Lägg till en tagg
Inga taggar, Lägg till första taggen!
|
| Thư viện lưu trữ: | Thư viện Trường Đại học Đà Lạt |
|---|
| LEADER | 00792nam a2200325 4500 | ||
|---|---|---|---|
| 001 | DLU050050166 | ||
| 005 | ##20051227 | ||
| 040 | # | # | |a DLU |b vie |
| 041 | # | # | |a vie |
| 044 | # | # | |a vn |
| 082 | # | # | |a 813 |b PU-M |
| 100 | # | # | |a Puzo, Mario |
| 245 | # | # | |a Bố già = |b The godfather / |c Mario Puzo, Đặng Phi Bằng dịch |
| 246 | # | # | |a The godfather |
| 260 | # | # | |a Cà Mau : |b Mũi Cà Mau, |c 2003 |
| 300 | # | # | |a 631 tr. ; |c 21 cm |
| 653 | # | # | |a Tiểu thuyết |
| 653 | # | # | |a Văn học hiện đại |
| 653 | # | # | |a Văn học Mỹ |
| 700 | # | # | |a Đặng Phi Bằng |e dich |
| 923 | # | # | |a 58/2005 |
| 992 | # | # | |a 65.000 |
| 994 | # | # | |a DLU |
| 900 | # | # | |a True |
| 911 | # | # | |a Đào Thị Thu Huyền |
| 925 | # | # | |a G |
| 926 | # | # | |a A |
| 927 | # | # | |a SH |
| 980 | # | # | |a Thư viện Trường Đại học Đà Lạt |